[Event "World Blitz 2025"]
[Site "Doha QAT"]
[Date "2025.12.29"]
[Round "13.100"]
[White "Krallis, Christos"]
[Black "Jumabayev, Rinat"]
[Result "0-1"]
[WhiteTitle "IM"]
[BlackTitle "GM"]
[WhiteElo "2416"]
[BlackElo "2560"]
[WhiteFideId "4298896"]
[BlackFideId "13702661"]
[EventDate "2025.12.29"]

1. e4 c5 2. Nf3 e6 3. d4 cxd4 4. Nxd4 a6 5. Be2 Nf6 6. Nc3 d6 7. g4 h6 8. Be3
Nbd7 9. Qd2 b5 10. a3 Bb7 11. f3 Rc8 12. O-O-O d5 13. g5 hxg5 14. Bxg5 b4 15.
axb4 Bxb4 16. Qe3 Bxc3 17. bxc3 Qa5 18. Nb3 Qxc3 19. Qxc3 Rxc3 20. Kb2 Rc7 21.
exd5 Bxd5 22. c4 Bb7 23. Bf4 e5 24. Bd2 e4 25. Bf4 Rc8 26. fxe4 Bxe4 27. Rhe1
O-O 28. Bd6 Rfe8 29. c5 Ra8 30. Na5 Rec8 31. Rc1 Nf8 32. c6 Ne6 33. Be5 Bd5 34.
Red1 Be4 35. Rc4 Bf5 36. Bf3 Ne8 37. Rb4 N8c7 38. Rb7 Nb5 39. Rdd7 Nc5 40. Rxf7
Nd3+ 41. Ka1 Nxe5 42. Rxg7+ Kf8 43. Rg5 Nd6 44. Rb6 Nxf3 45. Rh5 Nd4 46. Nb7
N6b5 47. Nc5 Kg7 48. Rg5+ Kf6 0-1

[Event "World Blitz 2025"]
[Site "Doha QAT"]
[Date "2025.12.29"]
[Round "13.101"]
[White "Iniyan, Pa"]
[Black "Volokitin, Andrei"]
[Result "0-1"]
[WhiteTitle "GM"]
[BlackTitle "GM"]
[WhiteElo "2598"]
[BlackElo "2619"]
[WhiteFideId "25002767"]
[BlackFideId "14107090"]
[EventDate "2025.12.29"]

1. d4 Nf6 2. c4 e6 3. Nf3 d5 4. Nc3 Bb4 5. g3 dxc4 6. Bg2 O-O 7. O-O Nc6 8. a3
Be7 9. e4 a6 10. Re1 b5 11. d5 Na5 12. Bf4 Nb3 13. Rb1 exd5 14. exd5 Bf5 15. Nh4
Bxb1 16. Qxb1 Bd6 17. Bg5 h6 18. Be3 Ng4 19. Qf5 Nxe3 20. fxe3 Qg5 21. Qf3 Nc5
22. Nf5 g6 23. Nd4 Rae8 24. e4 Nd3 25. Rf1 Bc5 26. Ne2 Qe5 27. Qe3 Qxd5 28. Kh1
Qe5 29. b4 Bb6 30. h4 Rd8 31. Qxh6 Bxd4 32. Bh3 Qxe4+ 0-1

[Event "World Blitz 2025"]
[Site "Doha QAT"]
[Date "2025.12.29"]
[Round "13.102"]
[White "Can, Emre"]
[Black "Suleimen, Ergali"]
[Result "1-0"]
[WhiteTitle "GM"]
[BlackTitle "IM"]
[WhiteElo "2541"]
[BlackElo "2419"]
[WhiteFideId "6302181"]
[BlackFideId "13724452"]
[EventDate "2025.12.29"]

1. e4 c5 2. Nf3 Nc6 3. c3 d5 4. exd5 Qxd5 5. d4 Bf5 6. Be3 cxd4 7. Nxd4 Nf6 8.
Nxf5 Qxf5 9. Bd3 Qd7 10. O-O e6 11. Bc2 Nd5 12. Bg5 h6 13. Bh4 Be7 14. Bg3 Bf6
15. Nd2 Be5 16. Bxe5 Nxe5 17. Re1 Nc6 18. Ne4 O-O-O 19. Qf3 Qc7 20. Rad1 Ne5 21.
Qg3 Ng6 22. a3 Ndf4 23. Qe3 Kb8 24. g3 Nd5 25. Qc5 Ne5 26. Qxc7+ Kxc7 27. Kg2
Nc4 28. b3 Nxa3 29. Bd3 Nf6 30. Nxf6 gxf6 31. c4 Rd4 32. Be2 Nc2 33. Rxd4 Nxd4
34. Bh5 Rf8 35. b4 Nc6 36. b5 Ne5 37. Re4 Nd7 38. Rg4 Kd6 39. Rh4 f5 40. Bf3 b6
41. Rxh6 Ne5 42. Be2 Rc8 43. Rh4 Kc5 44. Rh7 Rc7 45. h4 Nxc4 46. h5 Ne5 47. Rh8
Kb4 48. h6 Rc2 49. h7 Ng6 50. Rg8 Rxe2 51. Rxg6 1-0

[Event "World Blitz 2025"]
[Site "Doha QAT"]
[Date "2025.12.29"]
[Round "13.103"]
[White "Sapenov, Daniyal"]
[Black "Ibrahimli, Murad"]
[Result "1-0"]
[WhiteTitle "IM"]
[BlackTitle "IM"]
[WhiteElo "2440"]
[BlackElo "2438"]
[WhiteFideId "13728911"]
[BlackFideId "13410229"]
[EventDate "2025.12.29"]

1. d4 Nf6 2. c4 e6 3. Nc3 Bb4 4. e3 c5 5. Nf3 O-O 6. Bd3 Nc6 7. O-O Bxc3 8. bxc3
d6 9. e4 e5 10. d5 Ne7 11. Nd2 Ne8 12. Rb1 b6 13. Rb2 Rb8 14. h3 Rb7 15. Bb1 Ng6
16. Kh2 h6 17. Qh5 Nf6 18. Qd1 Nh7 19. Nb3 Qh4 20. Qf3 Rc7 21. Qg3 Qf6 22. f4
exf4 23. Bxf4 Nxf4 24. Rxf4 Qg5 25. Nd2 Qxg3+ 26. Kxg3 Re7 27. Bd3 Nf6 28. Rf2
Nd7 29. Nf3 Rfe8 30. a4 Ba6 31. a5 bxa5 32. Ra2 Nb6 33. Rxa5 Bxc4 34. Bc2 a6 35.
Nd2 Bb5 36. Bb3 c4 37. Bc2 Rb8 38. Nf3 Nd7 39. Nd4 Nc5 40. Kf3 g6 41. Rf1 Reb7
42. Rb1 Bd7 43. Rxb7 Rxb7 44. Ra2 Kg7 45. Ke3 Kf6 46. Nf3 Ke7 47. e5 dxe5 48.
Nxe5 Bb5 49. Kd4 Nd7 50. Nxc4 Bxc4 51. Kxc4 Ra7 52. Kd4 a5 53. Ba4 Nb6 54. c4
Nxa4 55. Rxa4 Kd7 56. c5 f5 57. Kc4 f4 58. Kb5 g5 59. c6+ Kd6 60. Rxa5 Rg7 61.
Kb6 h5 62. Ra7 Rxa7 63. Kxa7 g4 64. Kb7 gxh3 65. gxh3 f3 66. c7 f2 67. c8=Q f1=Q
68. Qe6+ Kc5 69. Qc6+ Kd4 70. d6 Qxh3 71. d7 Qh4 1-0

[Event "World Blitz 2025"]
[Site "Doha QAT"]
[Date "2025.12.29"]
[Round "13.104"]
[White "Piliposyan, Robert"]
[Black "Dudin, Gleb"]
[Result "1-0"]
[WhiteTitle "IM"]
[BlackTitle "GM"]
[WhiteElo "2442"]
[BlackElo "2585"]
[WhiteFideId "13309978"]
[BlackFideId "34184934"]
[EventDate "2025.12.29"]

1. d4 Nf6 2. c4 g6 3. Nc3 Bg7 4. e4 d6 5. Nge2 O-O 6. h3 Nc6 7. d5 Ne5 8. Ng3 e6
9. Be2 a5 10. O-O exd5 11. cxd5 h5 12. Be3 h4 13. Nh1 Nh7 14. f4 Nd7 15. Nf2 Re8
16. Rc1 Nc5 17. e5 b6 18. e6 fxe6 19. dxe6 Bxe6 20. Bd4 Nf6 21. Bf3 d5 22. a3 c6
23. b4 axb4 24. axb4 Ncd7 25. Re1 b5 26. Nd3 Bf5 27. Ne5 Nxe5 28. Bxe5 Qe7 29.
Ne2 Bd7 30. Nd4 Rac8 31. Qd2 Qf8 32. Ra1 Ra8 33. Rac1 Ra6 34. Nb3 Ra3 35. Nd4
Ra6 36. Qb2 Rea8 37. Qf2 Ne4 38. Bxe4 dxe4 39. Bxg7 Qxg7 40. Rxe4 Ra1 41. Rxa1
Rxa1+ 42. Kh2 Qf6 43. Nf3 Rb1 44. Nxh4 Qa1 45. Nxg6 Rh1+ 46. Kg3 Bc8 47. Ne7+ 1-0

[Event "World Blitz 2025"]
[Site "Doha QAT"]
[Date "2025.12.29"]
[Round "13.105"]
[White "Nurgaliyev, Sauat"]
[Black "Samadov, Read"]
[Result "0-1"]
[WhiteTitle "IM"]
[BlackTitle "IM"]
[WhiteElo "2437"]
[BlackElo "2510"]
[WhiteFideId "13726285"]
[BlackFideId "13417444"]
[EventDate "2025.12.29"]

1. e4 c5 2. Nf3 d6 3. d4 cxd4 4. Nxd4 Nf6 5. Nc3 a6 6. Bd3 e5 7. Nde2 Be7 8. O-O
O-O 9. Ng3 Be6 10. Nd5 Bxd5 11. exd5 g6 12. c4 Nbd7 13. Kh1 Re8 14. Be3 Rc8 15.
b3 h5 16. h3 Bf8 17. a4 a5 18. Ne2 Bg7 19. Ra2 b6 20. Nc3 Nc5 21. Bb1 Nfd7 22.
Nb5 Qe7 23. f4 f5 24. fxe5 Bxe5 25. Raf2 Nf6 26. Bg5 Qg7 27. Bxf6 Qxf6 28. Bxf5
gxf5 29. Rxf5 Qg6 30. Qf3 Bg7 31. Qxh5 Qxh5 32. Rxh5 Ne4 33. Rf3 Nd2 34. Rd3
Re1+ 35. Kh2 Nf1+ 36. Kg1 Rf8 37. Rg5 Kh7 38. Nxd6 Be5 39. Rh5+ Kg6 40. Rxe5
Rxe5 41. Nb5 Re2 42. Rf3 Rxf3 43. gxf3 Ne3 44. d6 Rg2+ 45. Kh1 Rd2 46. Kg1 Nf5 0-1

[Event "World Blitz 2025"]
[Site "Doha QAT"]
[Date "2025.12.29"]
[Round "13.106"]
[White "Raja, Harshit"]
[Black "Fandi, Mazen"]
[Result "1-0"]
[WhiteTitle "GM"]
[BlackTitle "FM"]
[WhiteElo "2472"]
[BlackElo "2304"]
[WhiteFideId "5089000"]
[BlackFideId "7611625"]
[EventDate "2025.12.29"]

1. e4 c6 2. Nf3 d5 3. Nc3 Bg4 4. h3 Bxf3 5. Qxf3 e6 6. d4 Nf6 7. Bd3 dxe4 8.
Nxe4 Qxd4 9. c3 Qd8 10. O-O Nxe4 11. Bxe4 Nd7 12. Rd1 Qf6 13. Bxc6 bxc6 14. Qxc6
Rd8 15. Be3 e5 16. Qa4 Bd6 17. Bg5 Qxg5 18. Rxd6 Qe7 19. Rad1 h5 20. Qxa7 Rh6
21. R6d5 Rc6 22. Qb7 Rb6 23. Qc7 Rxb2 24. a4 Qf6 25. Kh1 Rxf2 26. Kg1 Rb2 27.
Kh1 Rf2 28. Kg1 Rb2 29. Kh1 Qe6 30. a5 Ra2 31. Qb7 g5 32. a6 Rxa6 33. Re1 Rc6
34. Qb5 f6 35. Red1 Rxc3 36. Rd6 Qe7 37. Qb1 Kf8 38. Qg6 Qg7 39. Qxh5 Rdc8 40.
Rxd7 Qg8 41. Qh6+ Ke8 42. Qxf6 1-0

[Event "World Blitz 2025"]
[Site "Doha QAT"]
[Date "2025.12.29"]
[Round "13.107"]
[White "Petrov, Nikita"]
[Black "George Samir, David"]
[Result "1-0"]
[WhiteTitle "GM"]
[BlackTitle "IM"]
[WhiteElo "2578"]
[BlackElo "2343"]
[WhiteFideId "4101286"]
[BlackFideId "10657789"]
[EventDate "2025.12.29"]

1. d4 Nf6 2. Bg5 Ne4 3. Bf4 d5 4. e3 g6 5. Nd2 Bg7 6. Ngf3 c5 7. c3 Nc6 8. Be2
Bf5 9. O-O O-O 10. Qb3 c4 11. Qxb7 Nxd2 12. Nxd2 Bd7 13. Qa6 e5 14. dxe5 Rb8 15.
Qa3 Nxe5 16. Nf3 f6 17. Rfd1 Be6 18. b3 Qc7 19. bxc4 dxc4 20. h3 Rfd8 21. Bxe5
fxe5 22. Ng5 Bd5 23. Qa4 Rbc8 24. Bg4 Bc6 25. Qxc4+ 1-0

[Event "World Blitz 2025"]
[Site "Doha QAT"]
[Date "2025.12.29"]
[Round "13.108"]
[White "Dardha, Daniel"]
[Black "Urkedal, Frode Olav Olsen"]
[Result "0-1"]
[WhiteTitle "GM"]
[BlackTitle "GM"]
[WhiteElo "2603"]
[BlackElo "2568"]
[WhiteFideId "240990"]
[BlackFideId "1506102"]
[EventDate "2025.12.29"]

1. d4 Nf6 2. Bg5 d5 3. e3 c5 4. Bxf6 gxf6 5. Bb5+ Bd7 6. Bxd7+ Qxd7 7. Ne2 e6 8.
O-O h5 9. Nd2 Nc6 10. Nf3 h4 11. c3 O-O-O 12. c4 dxc4 13. Rc1 h3 14. g3 cxd4 15.
exd4 Kb8 16. Rxc4 Qd5 17. Rc3 e5 18. Rb3 Bc5 19. Nc3 Qc4 20. Qb1 Nxd4 21. Nxd4
Rxd4 22. Qf5 Qe6 23. Qf3 Rb4 24. Rxb4 Bxb4 25. Rd1 Bxc3 26. bxc3 Rc8 27. Qh5
Rxc3 28. a4 a6 29. a5 Rc5 30. Qh4 Rxa5 31. g4 Qd5 0-1

[Event "World Blitz 2025"]
[Site "Doha QAT"]
[Date "2025.12.29"]
[Round "13.77"]
[White "Averin, Nikolay"]
[Black "Idani, Pouya"]
[Result "1-0"]
[WhiteTitle "FM"]
[BlackTitle "GM"]
[WhiteElo "2389"]
[BlackElo "2611"]
[WhiteFideId "24250473"]
[BlackFideId "12510130"]
[EventDate "2025.12.29"]

1. e4 e5 2. Nf3 d6 3. d4 exd4 4. Nxd4 Nf6 5. Nc3 Be7 6. Bd3 O-O 7. O-O a6 8. f4
c5 9. Nf3 Nc6 10. Kh1 h6 11. e5 Ne8 12. Nd5 Bg4 13. h3 Bxf3 14. Qxf3 dxe5 15.
fxe5 Nxe5 16. Qe4 Ng6 17. Be3 Rc8 18. Rad1 Nd6 19. Qg4 Bg5 20. Bxg5 hxg5 21.
Bxg6 fxg6 22. Qe6+ Kh7 23. Rxf8 Qxf8 24. Ne7 1-0

[Event "World Blitz 2025"]
[Site "Doha QAT"]
[Date "2025.12.29"]
[Round "13.78"]
[White "Haug, Havard"]
[Black "Nikitenko, Mihail"]
[Result "1-0"]
[WhiteTitle "FM"]
[BlackTitle "GM"]
[WhiteElo "2416"]
[BlackElo "2476"]
[WhiteFideId "1547887"]
[BlackFideId "13506862"]
[EventDate "2025.12.29"]

1. e4 e5 2. Nf3 Nc6 3. d4 d6 4. Nc3 Nf6 5. dxe5 dxe5 6. Qxd8+ Kxd8 7. Bc4 Be6 8.
Bxe6 fxe6 9. Be3 Bd6 10. a3 a6 11. h3 Ke7 12. Ke2 Rhf8 13. Rhd1 Nb8 14. Nd2 Nbd7
15. Nc4 Rac8 16. Rd3 b5 17. Na5 c6 18. Rad1 Bb8 19. Bg5 Nb6 20. a4 h6 21. Be3
Nbd7 22. axb5 axb5 23. Nb7 Rc7 24. Nc5 Re8 25. Nxd7 Nxd7 26. Ra1 b4 27. Na4 c5
28. b3 Rec8 29. Rxd7+ Rxd7 30. Nb6 Rdc7 31. Nxc8+ Rxc8 32. Ra5 Bd6 33. Ra7+ Kf6
34. Kd3 h5 35. Kc4 Bf8 36. g4 hxg4 37. hxg4 Rd8 38. Ra1 Rc8 39. c3 bxc3 40. Kxc3
Rb8 41. Kc2 Kg6 42. Ra5 Rc8 43. Ra4 Rb8 44. Rc4 Rb5 45. f3 Kf6 46. Ra4 Rb8 47.
Ra5 Rc8 48. Kc3 Be7 49. Kc4 Rc7 50. Bxc5 Kg5 51. b4 Kf4 52. Ra3 Rc8 53. Rc3 Kg3
54. Kb3 Bxc5 55. bxc5 Kf4 56. c6 1-0

[Event "World Blitz 2025"]
[Site "Doha QAT"]
[Date "2025.12.29"]
[Round "13.79"]
[White "Muntean, Victor"]
[Black "Zhang, Zhong"]
[Result "0-1"]
[BlackTitle "GM"]
[WhiteElo "2169"]
[BlackElo "2561"]
[WhiteFideId "1054414"]
[BlackFideId "8600694"]
[EventDate "2025.12.29"]

1. e4 c6 2. d4 d5 3. exd5 cxd5 4. Nf3 Nc6 5. Ne5 Qb6 6. c3 Nf6 7. Qb3 Nxe5 8.
dxe5 Qe6 9. f4 Ne4 10. g3 g5 11. Bb5+ Bd7 12. O-O Qb6+ 13. Kg2 Bxb5 14. Rf3 Bc6
15. Qxb6 axb6 16. Kg1 e6 17. fxg5 Bg7 18. Bf4 d4 19. Rd3 Nc5 0-1

[Event "World Blitz 2025"]
[Site "Doha QAT"]
[Date "2025.12.29"]
[Round "13.80"]
[White "Akobian, Varuzhan"]
[Black "Bai, Adelard"]
[Result "1-0"]
[WhiteTitle "GM"]
[BlackTitle "IM"]
[WhiteElo "2549"]
[BlackElo "2417"]
[WhiteFideId "13300580"]
[BlackFideId "16301188"]
[EventDate "2025.12.29"]

1. d4 Nf6 2. Nf3 e6 3. c4 Bb4+ 4. Bd2 Qe7 5. a3 Bxd2+ 6. Qxd2 O-O 7. Nc3 d5 8.
cxd5 exd5 9. e3 Bf5 10. Bd3 Bxd3 11. Qxd3 c6 12. O-O Nbd7 13. Rab1 Rfe8 14. Rfc1
Ne4 15. Qc2 Nxc3 16. Qxc3 Nf6 17. Nd2 a5 18. b4 axb4 19. axb4 h6 20. b5 Rec8 21.
bxc6 Rxc6 22. Qb3 Qa3 23. Rxc6 Qxb3 24. Nxb3 bxc6 25. Nc5 Ra2 26. h3 Rc2 27. g3
Ne4 28. Nxe4 dxe4 29. Rb8+ Kh7 30. Rc8 Kg6 31. g4 Kf6 32. Kg2 Ke7 33. h4 Kd7 34.
Rg8 g6 35. Rh8 c5 36. dxc5 Rxc5 37. Rxh6 Rc8 38. h5 gxh5 39. Rxh5 Ke6 40. Rf5 f6
41. Kg3 Rc2 42. Rh5 Rb2 43. Rh2 Ke5 44. f4+ 1-0

[Event "World Blitz 2025"]
[Site "Doha QAT"]
[Date "2025.12.29"]
[Round "13.81"]
[White "Dlugy, Maxim"]
[Black "Medhus, Vitus Bondo"]
[Result "1-0"]
[WhiteTitle "GM"]
[BlackTitle "FM"]
[WhiteElo "2502"]
[BlackElo "2387"]
[WhiteFideId "2000075"]
[BlackFideId "1462547"]
[EventDate "2025.12.29"]

1. d4 Nf6 2. Bf4 c5 3. dxc5 Nc6 4. Nc3 e5 5. Bg5 Bxc5 6. e3 h6 7. Bxf6 Qxf6 8.
Nd5 Qd8 9. a3 O-O 10. b4 Bb6 11. Nf3 d6 12. Bc4 Be6 13. O-O Rc8 14. Nxb6 axb6
15. Bxe6 fxe6 16. c4 Ne7 17. Rc1 Rc6 18. Qd3 Qc7 19. Rfd1 d5 20. Nd2 Rc8 21. h3
Rd8 22. Nb3 Ra8 23. cxd5 exd5 24. Rxc6 bxc6 25. Nd2 c5 26. Qb5 Rxa3 27. Qe8+ Kh7
28. bxc5 bxc5 29. Nf3 Ra6 30. Qh5 Rg6 31. Qxe5 Qxe5 32. Nxe5 Re6 33. Nd3 c4 34.
Nf4 Rd6 35. h4 c3 36. Rc1 Nf5 37. Rxc3 Nxh4 38. Rd3 Nf5 39. Rxd5 Rf6 40. Rd7 Kg8
41. g3 Nd6 42. Nh5 Rg6 43. Nxg7 Ne4 44. Nf5 Kf8 45. Rh7 Rf6 46. g4 Rg6 47. f3
Ng5 48. Rh8+ Kf7 49. Kg2 1-0

[Event "World Blitz 2025"]
[Site "Doha QAT"]
[Date "2025.12.29"]
[Round "13.82"]
[White "Rami, Talab"]
[Black "Yilmaz, Mustafa"]
[Result "0-1"]
[BlackTitle "GM"]
[WhiteElo "2173"]
[BlackElo "2595"]
[WhiteFideId "7609787"]
[BlackFideId "6302718"]
[EventDate "2025.12.29"]

1. d4 Nf6 2. Nf3 g6 3. c4 Bg7 4. Nc3 O-O 5. e4 d6 6. Be2 e5 7. d5 a5 8. Be3 Na6
9. Nd2 Nd7 10. g4 Ndc5 11. h4 f5 12. gxf5 gxf5 13. Bg5 Qe8 14. Rg1 Kh8 15. h5
Qf7 16. Qc2 Nb4 17. Qb1 Bf6 18. a3 Bxg5 19. Rxg5 Nba6 20. Qc2 Qe7 21. Rg2 fxe4
22. Ndxe4 Bf5 23. O-O-O Nxe4 24. Nxe4 Nc5 25. Bd3 Bxe4 26. Bxe4 Rf4 27. f3 Rff8
28. Rdg1 Rg8 29. Rxg8+ Rxg8 30. Rxg8+ Kxg8 31. Bf5 Qg5+ 32. Kb1 a4 33. Ka2 Kg7
34. Bxh7 Qxh5 35. Be4 Qh1 36. Qd2 Qa1+ 37. Kxa1 Nb3+ 38. Kb1 Nxd2+ 39. Kc2 Nxc4
40. Kc3 Nb6 41. b4 axb3 42. Kxb3 Kf6 43. a4 Kg5 44. a5 Nd7 45. Kc4 Kf4 46. Bg6 0-1

[Event "World Blitz 2025"]
[Site "Doha QAT"]
[Date "2025.12.29"]
[Round "13.83"]
[White "Damaj, Mohammed"]
[Black "Saraci, Nderim"]
[Result "0-1"]
[WhiteTitle "CM"]
[BlackTitle "IM"]
[WhiteElo "2119"]
[BlackElo "2461"]
[WhiteFideId "11501731"]
[BlackFideId "6351921"]
[EventDate "2025.12.29"]

1. d4 d5 2. Bf4 Bf5 3. c3 e6 4. e3 c5 5. Qb3 Qb6 6. Bxb8 Rxb8 7. Qa4+ Kd8 8. b3
Nf6 9. Nd2 Bd6 10. Ngf3 Ke7 11. Be2 Rhc8 12. c4 cxd4 13. exd4 Bb4 14. c5 Qa5 15.
Qxa5 Bxa5 16. O-O g5 17. h3 h5 18. Rad1 g4 19. Nh4 Bh7 20. hxg4 hxg4 21. Nb1 b6
22. cxb6 Rxb6 23. Bd3 Bxd3 24. Rxd3 Rc2 25. a3 Rbc6 26. b4 Bb6 27. g3 Ne4 28.
Ng2 Rb2 29. Ne3 f5 30. Kg2 Bc7 31. Kg1 Kf6 32. Kg2 Bxg3 33. b5 Rc8 34. Nd1 Rxb1
35. fxg3 Rc2+ 36. Kg1 Rd2 0-1

[Event "World Blitz 2025"]
[Site "Doha QAT"]
[Date "2025.12.29"]
[Round "13.84"]
[White "Chanda, Sandipan"]
[Black "Sindarov, Islombek"]
[Result "0-1"]
[WhiteTitle "GM"]
[BlackTitle "CM"]
[WhiteElo "2490"]
[BlackElo "2129"]
[WhiteFideId "5004225"]
[BlackFideId "14205475"]
[EventDate "2025.12.29"]

1. d4 Nf6 2. Nf3 g6 3. Nbd2 Bg7 4. e4 d6 5. Bd3 O-O 6. O-O Nbd7 7. c3 e5 8. Re1
b6 9. a4 a5 10. dxe5 dxe5 11. Nc4 Bb7 12. Bc2 Qe7 13. b3 Rfd8 14. Ba3 Qe8 15.
Qe2 Nh5 16. g3 Nf8 17. Rad1 Ba6 18. Bd3 Bb7 19. Bc2 Ba6 20. Rd5 Ne6 21. Red1
Rxd5 22. exd5 Nef4 23. gxf4 Nxf4 24. Qe3 Bxc4 25. bxc4 Qd7 26. Kh1 Re8 27. Rg1
Qh3 28. Nxe5 Bxe5 29. Qxh3 Nxh3 30. Rf1 Bxc3 31. d6 cxd6 32. Bxd6 Re2 33. Bb3
Nxf2+ 34. Kg2 Bd4 35. Kf3 0-1

[Event "World Blitz 2025"]
[Site "Doha QAT"]
[Date "2025.12.29"]
[Round "13.109"]
[White "Al Hosani, Omran"]
[Black "Cunha, Lucas Aguiar"]
[Result "1/2-1/2"]
[WhiteTitle "IM"]
[BlackTitle "FM"]
[WhiteElo "2340"]
[BlackElo "2263"]
[WhiteFideId "9308733"]
[BlackFideId "2125404"]
[EventDate "2025.12.29"]

1. d4 Nf6 2. c4 e6 3. Nf3 b6 4. g3 Ba6 5. Nbd2 Bb7 6. Bg2 Be7 7. O-O O-O 8. Qc2
d5 9. b3 c5 10. dxc5 bxc5 11. cxd5 exd5 12. Bb2 Nc6 13. Rac1 Rc8 14. Rfd1 Ba6
15. Bf1 d4 16. Nc4 Qd5 17. Bg2 Qh5 18. Nh4 Rfe8 19. Bf3 Qg5 20. Nf5 Bxc4 21.
Nxe7+ Rxe7 22. Qxc4 Ne5 23. Qa6 Nxf3+ 24. exf3 Rce8 25. Ba3 Rc7 26. b4 Qd5 27.
Qd3 c4 28. Qxd4 Qxf3 29. Rc3 Qe2 30. Rf1 Qxa2 31. b5 Rec8 32. Re1 Rd7 33. Qe5 h6
34. Rec1 Qxf2+ 35. Kxf2 Ng4+ 36. Kg1 Nxe5 37. Re3 Nd3 38. Rc3 Rd5 39. h4 Rxb5
40. Kh2 Rc7 41. Rexd3 cxd3 42. Rxc7 Rd5 43. Rc1 d2 44. Rd1 a5 45. Bb2 Rd3 46.
Kg2 a4 47. Kf2 a3 48. Be5 g5 49. hxg5 hxg5 50. Ke2 Rd5 51. Bc3 f5 52. Rxd2 Rxd2+
53. Kxd2 Kf7 54. Kc2 Kg6 55. Kb3 Kh5 56. Kxa3 Kg4 57. Be1 1/2-1/2

[Event "World Blitz 2025"]
[Site "Doha QAT"]
[Date "2025.12.29"]
[Round "13.110"]
[White "Aditya, Mittal"]
[Black "Assylov, Miras"]
[Result "0-1"]
[WhiteTitle "GM"]
[BlackTitle "FM"]
[WhiteElo "2624"]
[BlackElo "2393"]
[WhiteFideId "35042025"]
[BlackFideId "13728873"]
[EventDate "2025.12.29"]

1. d4 Nf6 2. c4 g6 3. Nc3 Bg7 4. e4 d6 5. Be2 O-O 6. Be3 Na6 7. h3 e5 8. d5 c6
9. Nf3 Nh5 10. O-O Nf4 11. Re1 cxd5 12. cxd5 Nc7 13. Bf1 Bd7 14. Qd2 Qf6 15.
Bxf4 exf4 16. e5 dxe5 17. d6 Ne8 18. Nxe5 Rd8 19. Rad1 Be6 20. d7 Nc7 21. Qd6
Na8 22. Bc4 Nb6 23. Bxe6 Qxe6 24. Qxe6 fxe6 25. Nb5 Rf5 26. Nd4 Rxe5 27. Nxe6
Rxe1+ 28. Rxe1 Rxd7 29. Nxf4 Bxb2 30. Re2 Bf6 31. g3 Kf7 32. Kg2 Nd5 33. Nd3 b6
34. Rc2 Nc3 35. Nb4 a5 36. Nc6 Nb5 37. Nb8 Rb7 38. Rc8 Nd6 39. Rc6 Rxb8 40. Rxd6
Be7 41. Rd7 Ke6 42. Ra7 Rc8 43. Ra6 Rc6 44. g4 h5 45. Kg3 hxg4 46. hxg4 Bd8 47.
Ra8 Bc7+ 48. Kh4 Rc2 49. Kg5 Rxf2 50. a4 Ra2 51. Re8+ Kd7 52. Re4 Rb2 53. Kxg6
Rb4 0-1

[Event "World Blitz 2025"]
[Site "Doha QAT"]
[Date "2025.12.29"]
[Round "13.111"]
[White "Nainys, Zanas"]
[Black "Begmuratov, Khumoyun"]
[Result "0-1"]
[BlackTitle "IM"]
[WhiteElo "2307"]
[BlackElo "2451"]
[WhiteFideId "12844098"]
[BlackFideId "14210207"]
[EventDate "2025.12.29"]

1. d4 d6 2. e4 a5 3. Nf3 Nf6 4. Bd3 Bg4 5. h3 Bxf3 6. Qxf3 e5 7. dxe5 dxe5 8.
Bg5 Be7 9. Bxf6 Bxf6 10. Nd2 O-O 11. O-O c6 12. Rad1 Nd7 13. c3 Qc7 14. a4 Rad8
15. Bc2 Nc5 16. Nc4 Be7 17. Qg3 f6 18. Ne3 g6 19. h4 Bd6 20. h5 Qg7 21. hxg6
hxg6 22. Nc4 Bc7 23. Qe3 Qe7 24. Qh6 Qh7 25. Qe3 Ne6 26. Bb3 Kg7 27. Nxa5 Rh8
28. Qh3 Nf4 29. Rd7+ Rxd7 30. Qxd7+ Kh6 31. Qxh7+ Rxh7 32. g3 Ne2+ 33. Kg2 Bxa5
34. Kf3 Nxg3 35. Kxg3 Kg5 36. Be6 f5 37. Rg1 Kf6 38. Bc4 Rd7 39. Kf3 Rd2 40. b4
Bb6 41. Be2 fxe4+ 0-1

[Event "World Blitz 2025"]
[Site "Doha QAT"]
[Date "2025.12.29"]
[Round "13.112"]
[White "Sklokin, Sergey"]
[Black "Chekh Adm Khedr, Aram"]
[Result "1-0"]
[WhiteTitle "FM"]
[BlackTitle "FM"]
[WhiteElo "2407"]
[BlackElo "2139"]
[WhiteFideId "55730230"]
[BlackFideId "7601948"]
[EventDate "2025.12.29"]

1. e4 c5 2. Nf3 d6 3. d4 cxd4 4. Nxd4 Nf6 5. Nc3 Nc6 6. Bg5 e6 7. Qd2 a6 8.
O-O-O h6 9. Bxf6 Qxf6 10. Nxc6 bxc6 11. f4 Be7 12. g4 e5 13. f5 Qg5 14. h4 Qxd2+
15. Rxd2 Bb7 16. Bc4 Rd8 17. Kb1 a5 18. a3 O-O 19. Bb3 Rd7 20. Rdh2 d5 21. g5
Kh8 22. Rg2 h5 23. Rf1 Bc5 24. g6 f6 25. Re1 Rfd8 26. Ka2 Ba6 27. Rd1 Bd4 28.
Ne2 dxe4 29. Ng3 e3 30. Be6 Rb7 31. c3 c5 32. cxd4 exd4 33. Ne4 Rc7 34. Rc2 c4
35. Re2 Rb8 36. Rc2 d3 37. Rc3 e2 38. Re1 a4 39. Nd2 Rd8 40. Bxc4 Bb7 41. Rxd3
Rxd3 42. Bxd3 Rd7 43. Rxe2 Bd5+ 44. Kb1 Rd8 45. Re3 Bc6 46. Nc4 Kg8 47. Kc2 Kf8
48. Kc3 Rc8 49. Be4 Bb5 50. Bd3 Bd7 51. Kd2 Rd8 52. Nb6 Bxf5 53. Nxa4 Bxg6 54.
Nc5 Bf7 55. Ne6+ Bxe6 56. Rxe6 Rd4 57. Re4 Rd8 58. b4 Ra8 59. b5 Rxa3 60. Rb4
Ra8 61. b6 Kf7 62. b7 Rb8 63. Be4 g5 64. Rc4 1-0

[Event "World Blitz 2025"]
[Site "Doha QAT"]
[Date "2025.12.29"]
[Round "13.113"]
[White "Ezat, Mohamed"]
[Black "Al Mashikhi, Salim Aliyan"]
[Result "1-0"]
[WhiteTitle "IM"]
[BlackTitle "FM"]
[WhiteElo "2294"]
[BlackElo "1952"]
[WhiteFideId "10600906"]
[BlackFideId "22000046"]
[EventDate "2025.12.29"]

1. d4 Nf6 2. c4 d5 3. cxd5 Nxd5 4. e4 Nf6 5. e5 Nd5 6. Nc3 e6 7. Nf3 Nc6 8. Bd3
Be7 9. a3 a6 10. Qe2 Na5 11. Qc2 Nc6 12. O-O h6 13. Qe2 Nb6 14. Be3 Bg5 15. Rad1
Bd7 16. Ne4 Be7 17. Nc3 Na7 18. Be4 c6 19. Bc2 Nd5 20. Ne4 Qb6 21. Bd3 Rd8 22.
Nfd2 Bc8 23. Nc4 Qc7 24. Ncd6+ Bxd6 25. Nxd6+ Rxd6 26. exd6 Qxd6 27. Be4 Nb5 28.
Bb1 O-O 29. Rfe1 f5 30. Bc1 Nf6 31. Qe5 Qd7 32. Qg3 Kh7 33. Qh4 Nd6 34. Bf4 Nf7
35. Qg3 g5 36. Be5 Nd5 37. h4 g4 38. Qxg4 Nxe5 39. dxe5 Rg8 40. Qf3 Qg7 41. g3
b5 42. Rc1 Bb7 43. b4 Kh8 44. Rc5 1-0